Star Wars: Republic Chancellors by Picture - Statistics

General Stats
  • This quiz has been taken 25 times
  • The average score is 4 of 8
Answer Stats
Picture Hint Answer % Correct
New Republic Mon Mothma
100%
Galactic Republic Sheev Palpatine
100%
Galactic Republic Finis Valorum
90%
New Republic Lanever Villecham
25%
High Republic Lina Soh
20%
High Republic Kyong Greylark
15%
High Republic Orlen Mollo
15%
High Republic Veeth Drellik
10%
No matching quizzes found
Score Distribution
Percent of People with Each Score
Percentile by Number Answered
Your Score History
You have not taken this quiz